Normal view
MARC view
- Automobiles
Entry Topical Term
001 - CONTROL NUMBER
- control field: 44377
003 - CONTROL NUMBER IDENTIFIER
- control field: NUST
005 - DATE AND TIME OF LATEST TRANSACTION
- control field: 20210314132948.0
008 - FIXED-LENGTH DATA ELEMENTS
- fixed length control field: 210314|| aca||aabn | a|a d
040 ## - CATALOGING SOURCE
- Original cataloging agency: NUST
- Transcribing agency: NUST
150 ## - HEADING--TOPICAL TERM
- Topical term or geographic name entry element: Automobiles
- General subdivision: Maintenance and repair
- General subdivision: Handbooks, manuals, etc
670 ## - SOURCE DATA FOUND
- Source citation: Work cat.: (NUST): Bricker, Frederick E. 44375, Audels automobile guide,, [1966]
